Spectral theory and nonlinear analysis with applications to spatial ecology : Universidad Complutense de Madrid, Spain, 14-15 June 2004
This volume details some of the latest advances in spectral theory and nonlinear analysis through various cutting-edge theories on algebraic multiplicities, global bifurcation theory, non-linear Schrodinger equations, non-linear boundary value problems, large solutions, metasolutions, dynamical syst...
Enregistré dans:
| Format: | Livre |
|---|---|
| Langue: | Undetermined |
| Publié: |
Hackensack, N.J.
World Scientific
2005
|
| Sujets: | |
| Tags: |
Ajouter un tag
Pas de tags, Soyez le premier à ajouter un tag!
|
| Thư viện lưu trữ: | Trung tâm Học liệu Trường Đại học Cần Thơ |
|---|
| LEADER | 01504nam a2200205Ia 4500 | ||
|---|---|---|---|
| 001 | CTU_156149 | ||
| 008 | 210402s9999 xx 000 0 und d | ||
| 020 | |c 129 | ||
| 082 | |a 515.7 | ||
| 082 | |b S741 | ||
| 245 | 0 | |a Spectral theory and nonlinear analysis with applications to spatial ecology : | |
| 245 | 0 | |b Universidad Complutense de Madrid, Spain, 14-15 June 2004 | |
| 245 | 0 | |c Editors, S. Cano-Casanova, J. López-Gómez, C. Mora-Corral | |
| 260 | |a Hackensack, N.J. | ||
| 260 | |b World Scientific | ||
| 260 | |c 2005 | ||
| 520 | |a This volume details some of the latest advances in spectral theory and nonlinear analysis through various cutting-edge theories on algebraic multiplicities, global bifurcation theory, non-linear Schrodinger equations, non-linear boundary value problems, large solutions, metasolutions, dynamical systems, and applications to spatial ecology. The main scope of the book is bringing together a series of topics that have evolved separately during the last decades around the common denominator of spectral theory and nonlinear analysis - from the most abstract developments up to the most concrete applications to population dynamics and socio-biology - in an effort to fill the existing gaps between these fields. | ||
| 650 | |a Spectral theory (mathematics),Nonlinear functional analysis,Spatial ecology,Phương pháp biểu diễn ( toán học ),Giải tích hàm số | ||
| 904 | |i QHieu | ||
| 980 | |a Trung tâm Học liệu Trường Đại học Cần Thơ | ||